Music Quiz

Random Music or Song Quiz

'I Will Always Love You' by Other Songs Quiz Stats

 Plays Quiz Updated Jul 11, 2012

Challenge
Share
Tweet
Embed
Score 0/117 Timer 08:00
1 Play Today
Song Lyric % Correct
_ Want to Break FreeI
97.2%
_ Will SurviveI
96.7%
Man _ the Mirrorin
95.9%
_ I Stay or _ I Goshould
94.8%
God _ Knowsonly
92.4%
You'll _ in My Heartbe
91.9%
_ You Don't Know Me by NowIf
91.8%
You Are _ BeautifulSo
91.4%
_ Got You (_ Feel Good)I
90.9%
Sad _ Truebut
89.8%
_ Breath You Takeevery
89.7%
We _ Rock Youwill
88.9%
Twist _ ShoutAnd
88.7%
I _ Die 4 Uwould
88.1%
You _ I'm No Goodknow
87.1%
_ Oughta Knowyou.
86.6%
One _ Usof
86.5%
Are You Gonna Go My _way.
86.2%
_ Songyour
85.8%
I Want _ Backyou.
84.4%
The _ We Wereway.
84%
_ Can Leave Your Hat Onyou.
83.8%
With a Little Help from _ Friendsmy
83.8%
Need Your _ So Badlove
83.6%
To _ Somebodylove
83.4%
_ Feel LoveI
82.6%
Where Have _ Been WrongI
82.5%
_ or Without Youwith
81.9%
I _ Wanna Miss a Thingdon't
81%
_ on My Mindalways
81%
If You Leave _ Nowme.
80.5%
I Want to _ What Love Isknow
80.3%
_ a BelieverI'm
79.6%
_ Give Love a Bad Nameyou
79.2%
Reach Out _ Be ThereI'll
79.1%
_ Be Over YouI'll
79%
Best of _ Worldsboth
78.5%
_ Look on the Bright Side of Lifealways
78.4%
_ a Wonderful Worldwhat
78%
Song Lyric % Correct
I've Been Loving _ Too Longyou,
78%
Don't Stop Till _ Get Enoughyou.
77.9%
You Are _ Alonenot
77.5%
_ Is a Battlefieldlove
77.3%
I've Got _ Under My Skinyou.
77.2%
_ Put a Spell on YouI
77%
Don't _ for Me Argentinacry.
76.9%
_ Shot the SheriffI
76.9%
Sultans _ Swingof
76.4%
Too Much Love _ Kill Youwill
75.6%
_ the Nightstay,
75.5%
I Got _ Babeyou
75.5%
She _ Be Lovedwill
75.2%
_ Westgo,
74.9%
_ Can Hear MusicI
74.8%
_ Forgive MePlease,
74.7%
Have _ Told You LatelyI
74.4%
Somebody _ Know Somedaywill
73.6%
Fix _you
73.1%
_ Her Madlylove
73%
Somewhere Only _ KnowWe
72.3%
The Power _ Loveof.
72.3%
_ Got a Friendyou've
71.4%
The Sun _ Shines on TValways
71.4%
_ You Ever Seen the Rainhave
71.2%
_ YoursI'm
71.1%
_ Want YouI
71.1%
Father _ SonAnd
70.2%
Make _ Feel My Loveyou
69.8%
Love _ the Drugis
69.7%
_ Along the Watchtowerall
69.2%
_ Riverthe
67.6%
_ You Were Herewish
67.4%
_ Can Call Me Alyou,
66.7%
Me _ Bobby McGeeand
65.3%
Rikki Don't Lose _ Numberthat
64.9%
_ by _step
63.9%
The Giving and the _taking
63%
Shine On _ Crazy DiamondYou,
62.8%
Song Lyric % Correct
_ Was Made for Loving YouI
62.7%
Storm _ ThunderAnd
62.2%
_ Just Called to Say _ love youI
61.3%
What's _ Got to Do With Itlove.
61.3%
Hello _goodbye.
61.2%
Rocking _ Over the Worldall
61%
_ on the Runalways
60.7%
Love _ Tear Us Apartwill
59.8%
You Can't _ Get What You Wantalways
59.7%
How Can _ Mend a Broken Heartyou
59.6%
Whatever _ Wantyou.
59.3%
My Heart _ Go Onwill
59.2%
_ SymphonyBittersweet
58.9%
I'd Do Anything for _love
58.8%
_ You Tonightneed.
58.3%
Are _ Lonesome Tonightyou.
57.8%
Long as _ Can See the LightI
57.7%
_ on Marslife
56.4%
_think
56.2%
_ LonelySo
56%
One _love
54.5%
She's _ a Womanalways
53.9%
I _ a Dreamdreamed
52.7%
_ Out of Loveall
51.8%
Sound _ VisionAnd
51.2%
Old _ WiseAnd
51.2%
_ Is the Lifethis,
49.1%
Oh _darling,
43%
_memories,
40.2%
A _ of Magickind.
38%
I _hope
32.7%
Mama He _ Your Daughter Meantreats
32.2%
I _wish
31.3%
Love and _happiness.
31.1%
Window of _hope
29.7%
_ WhyBut
28.1%
_joy
28.1%
From _above
25.9%
Jesus _ a Childto
21.3%

You're not logged in!

Compare scores with friends on all Sporcle quizzes.
OR
Log In

You Might Also Like...

Show Comments

Extras

Top Quizzes Today


Score Distribution

Your Account Isn't Verified!

In order to create a playlist on Sporcle, you need to verify the email address you used during registration. Go to your Sporcle Settings to finish the process.

Report this User

Report this user for behavior that violates our Community Guidelines.

Details: